000 00848 a2200193 4500
003 0
005 20251110190414.0
040 _c0
082 _a621.382,SHA
100 _aShaheen, PC Sheryar (TCC-7)
_9131770
245 _aFull duplex video communication through optical fiber /
_cPC Sheryar Shaheen , GC Ammar Hussain , GC Atif Nazeer, NC Bilal Kiyani and NC Muhammad Ali Khan (TCC-7)
260 _aRawalpindi
_bMCS (NUST)
_c1999
300 _a78 p.;
505 _aOptical fiber (Page-1) Fiber optic (Page-17) Fiber optic detectors (Page-33) Optical link Characteristics and losses (Page-51) A video communication link using FM-Im Technique (Page-64) Loss budgeting and other parameters (Page-73).
650 _aUG Projects
_998716
651 _aTCC-6
_9131771
700 _aSupervised by W/CDR (R) Akhlaq Ahmed
_9131772
942 _cPR
_2ddc
999 _c182612
_d182612